Ciekawostki o krajach Afryki (dla Geomexa) - Statystyki

Ogólne statystyki
  • Ten quiz został rozwiązany 13 razy
  • Średni wynik to 4 z 15
Statystyki odpowiedzi
Hint Odpowiedź % Poprawnych
Nigdy nie został w pełni skolonizowany przez europejczyków Etiopia
100%
Piąty pod względem wielkości kraj Afryki Czad
67%
Kraj Afrykański spożywający najwięcej mięsa RPA
67%
Stolicą tego kraju jest Asmara Erytrea
33%
W tym kraju za autem Googla podąża radiowóz policyjny Nigeria
33%
Najmniejszy kraj Afryki Seszele
33%
Najmniejszy kraj afrykański który dotyka równika Wyspy Świętego Tomasza i książęca
33%
Ponad 30% powierzchni tego kraju to parki narodowe i rezerwaty Botswana
0%
Najlepszy kraj w Afryce pod względem wojska Egipt
0%
Jedyny kraj który był częściowo skolonizowany przez Szwedów Ghana
0%
Jest znany jako kraj tysiąca wzgórz Rwanda
0%
Wyspa goree niedaleko stolicy tego kraju była jednym z najważniejszych miejsc handlu niewolnikami Senegal
0%
Afrykański kraj najbliżej Brazylii Sierra leone
0%
Afrykański kraj spożywający najwięcej alkoholu Uganda
0%
Najbardziej podobny kraj pod względem powierzchni do Polski WKS
0%
Nie znaleziono quizów pasujących do podanych kryteriów
Rozkład punktacji
Procent ludzi z każdym wynikiem
Percentyl według liczby udzielonych odpowiedzi
Twoja historia wyników
Nie rozwiązałeś tego quizu